000 01595ngm a2200361 4500
003 dpl
005 20090105150552.0
007 DVD
008 ||||||sp199 xxu|||||c ||| 00| 0 ng d
010 _aDVD-001883-1885
024 _aVHIF 0671
_c34.00
035 _aDVD-001883-1885
040 _aDPL
_cDPL
082 _aDVD / EKCH
245 _aEk Chalis Ki Last Local
_cBharat Shah Presents
_h[videorecording] VCD/
260 _bMoserbaer Entertainment
300 _a2 videodisc VCD;
_bsd., col. ;
_c4 3/4 in.
_fVCD
440 _aMoserbaer Home Entertainment
500 _aMoserbaer India Ltd. has obtained the necessary licence/conssent from the owner of the copyright in the wroks for making this DVD Film.
538 _aDolby Digital 5.1 - Hindi Subtitles: English
650 _aMotion Picture
700 _aKhanduri, Sanjay
700 _aVijayasri, C.
700 _aMehboob
700 _aTewari, Ankur
700 _aDeol, Abhay
700 _aDuphia, Neha
942 _cCF
_2ddc
_hVCD
_mEKCH
999 _c20592
_d20592